Món ăn ngày thường và ngày lễ tết

Сохранить в:
Библиографические подробности
Формат:
Язык:Undetermined
Опубликовано: Tp. HCM Phụ Nữ 2000
Предметы:
Метки: Добавить метку
Нет меток, Требуется 1-ая метка записи!
Thư viện lưu trữ: Trung tâm Học liệu Trường Đại học Cần Thơ
LEADER 00453nam a2200169Ia 4500
001 CTU_39885
008 210402s9999 xx 000 0 und d
020 |b 13.000đ 
082 |a 641.5 
082 |b M429 
245 0 |a Món ăn ngày thường và ngày lễ tết 
260 |a Tp. HCM 
260 |b Phụ Nữ 
260 |c 2000 
650 |a cookery 
904 |i Minh, 001211 
980 |a Trung tâm Học liệu Trường Đại học Cần Thơ